| 000 | 00825nam a22001817a 4500 | ||
|---|---|---|---|
| 005 | 20240410124653.0 | ||
| 010 | _aHIN-127307 | ||
| 020 |
_c225.00 _a9789392228049 |
||
| 035 | _aHN-99653 | ||
| 037 | _bDBAD | ||
| 082 | _a821 | ||
| 100 |
_aडहेरिया, मोहन कुमार _964598 |
||
| 245 |
_aचरण कमलों के दौर में/ _cमोहन कुमार डहेरिया |
||
| 260 |
_aपटपड़गंज _bसेतु प्रकाशन प्राइवेट लिमिटेड _c2022 |
||
| 270 |
_a305 , प्रियदर्शिनी अपार्टमेंट , पटपड़गंज , _bदिल्ली _e110092 |
||
| 300 |
_a94पृ; _c21 सेमी (सजिल्द) |
||
| 942 |
_2ddc _cHN _h821 _mडहेरि |
||
| 999 |
_c202049 _d202049 |
||